| 000 | 01511nam a22002537a 4500 | ||
|---|---|---|---|
| 005 | 20120203111810.0 | ||
| 010 | _aB-452556-560 | ||
| 020 |
_a8125029125 _c775.00 |
||
| 020 |
_a9788125029120 _c775.00 |
||
| 035 | _aB-452556-560 | ||
| 037 | _bVirtuous Pub./Ven | ||
| 100 |
_aAdiga,Malini _942419 |
||
| 245 |
_aThe making of Southern Karnataka : _bsociety,polity and culture in the early medieval period / _cby Malini Adiga |
||
| 260 |
_aNew Delhi _bOrient Longman _c2006 |
||
| 270 |
_a1/24 Asaf Ali Road, _bNew Delhi _e110002 |
||
| 300 |
_avi,451p, _c22cm(Hb) |
||
| 500 | _aIncludes index | ||
| 942 |
_2ddc _cEN _mADI |
||
| 999 |
_c61875 _d61875 |
||